Movies Quiz

Random Movies or Actor Quiz
Score 0/24 Timer 06:00
0 Plays Today
% Correct
Daniel Craig
91.1%
Daniel Craig
89.9%
Daniel Craig
89.2%
Sean Connery
87.8%
Pierce Brosnan
84.6%
Daniel Craig
84.1%
Sean Connery
83.3%
Sean Connery
83%
Pierce Brosnan
82.3%
Roger Moore
77.5%
Pierce Brosnan
77.5%
Sean Connery
74.5%
% Correct
Timothy Dalton
72.6%
Roger Moore
72.6%
Pierce Brosnan
71.8%
Roger Moore
71.7%
George Lazenby
70.5%
Roger Moore
70.4%
Roger Moore
63.2%
Sean Connery
61%
Roger Moore
59.4%
Timothy Dalton
57.7%
Sean Connery
55.6%
Roger Moore
48.4%
Remove Ads.
Support Sporcle.
Get the best of Sporcle when you Go Orange. This ad-free experience offers more features, more stats, and more fun while also helping to support Sporcle. Thank you for becoming a member.

You're not logged in!

Compare scores with friends on all Sporcle quizzes.
OR
Log In

Show Comments

Extras

Top Quizzes Today


Score Distribution

Your Account Isn't Verified!

In order to create a playlist on Sporcle, you need to verify the email address you used during registration. Go to your Sporcle Settings to finish the process.

Report this User

Report this user for behavior that violates our Community Guidelines.

Details: